[Event "WCO2014"]
[Site "Tromso"]
[Date "2014.08.05"]
[Round "4.36"]
[WhiteID "8100942"]
[White "Samhouri Bilal"]
[BlackID "11500336"]
[Black "Shobaita Ahmed"]
[Result "1-0"]
[LiveChessVersion "1.4.3"]
[BlackElo "2067"]
[WhiteElo "2256"]

1. d4 {[%clk 1:30:57]} Nf6 {[%clk 1:29:35]} 2. Nf3 {[%clk 1:31:23]} e6
{[%clk 1:29:46]} 3. c4 {[%clk 1:31:46]} Bb4+ {[%clk 1:29:05]} 4. Nbd2
{[%clk 1:32:11]} O-O {[%clk 1:28:28]} 5. a3 {[%clk 1:32:37]} Bxd2+
{[%clk 1:28:13]} 6. Bxd2 {[%clk 1:32:47]} d6 {[%clk 1:27:46]} 7. Bg5
{[%clk 1:33:12]} Qe7 {[%clk 1:27:24]} 8. e3 {[%clk 1:32:20]} e5 {[%clk 1:27:36]}
9. Be2 {[%clk 1:31:58]} a5 {[%clk 1:17:22]} 10. b3 {[%clk 1:27:49]} Nc6
{[%clk 1:13:41]} 11. O-O {[%clk 1:27:40]} Re8 {[%clk 1:07:53]} 12. Re1
{[%clk 1:24:38]} h6 {[%clk 1:02:04]} 13. Bh4 {[%clk 1:21:02]} Bf5
{[%clk 0:58:55]} 14. h3 {[%clk 1:17:03]} g5 {[%clk 0:52:42]} 15. Bg3
{[%clk 1:15:08]} Ne4 {[%clk 0:52:19]} 16. d5 {[%clk 1:05:00]} Nb8
{[%clk 0:47:50]} 17. Nd2 {[%clk 0:57:09]} Nc3 {[%clk 0:32:57]} 18. Qc1
{[%clk 0:57:35]} Nxe2+ {[%clk 0:33:22]} 19. Rxe2 {[%clk 0:58:01]} Nd7
{[%clk 0:33:12]} 20. e4 {[%clk 0:56:07]} Bg6 {[%clk 0:33:26]} 21. Rb1
{[%clk 0:54:10]} f5 {[%clk 0:33:21]} 22. exf5 {[%clk 0:41:33]} Bxf5
{[%clk 0:33:39]} 23. Ne4 {[%clk 0:40:49]} Bxe4 {[%clk 0:29:09]} 24. Rxe4
{[%clk 0:41:16]} Nf6 {[%clk 0:29:32]} 25. Re3 {[%clk 0:40:55]} Nh5
{[%clk 0:28:57]} 26. Qd1 {[%clk 0:37:56]} Qf7 {[%clk 0:25:01]} 27. Qg4
{[%clk 0:36:26]} Rf8 {[%clk 0:23:53]} 28. Rf1 {[%clk 0:34:38]} Qg6
{[%clk 0:21:10]} 29. Bh2 {[%clk 0:26:22]} Rf5 {[%clk 0:18:20]} 30. Qe4
{[%clk 0:22:03]} Rf6 {[%clk 0:18:13]} 31. Qxg6+ {[%clk 0:17:53]} Rxg6
{[%clk 0:18:36]} 32. Rc1 {[%clk 0:17:25]} b6 {[%clk 0:18:38]} 33. Rcc3
{[%clk 0:16:02]} Rf6 {[%clk 0:14:57]} 34. Rf3 {[%clk 0:14:48]} Kg7
{[%clk 0:14:27]} 35. Rxf6 {[%clk 0:14:36]} Nxf6 {[%clk 0:14:15]} 36. Kf1
{[%clk 0:11:30]} Rf8 {[%clk 0:10:54]} 37. Re3 {[%clk 0:04:03]} h5
{[%clk 0:10:08]} 38. Ke2 {[%clk 0:02:47]} Kg6 {[%clk 0:08:19]} 39. Rf3
{[%clk 0:01:07]} g4 {[%clk 0:05:11]} 40. Re3 {[%clk 0:01:18]} Kf5
{[%clk 0:01:17]} 41. Bg3 {[%clk 0:20:13]} Kg5 {[%clk 0:30:07]} 42. h4+
{[%clk 0:19:47]} Kf5 {[%clk 0:21:12]} 43. Kd3 {[%clk 0:16:53]} Nd7
{[%clk 0:17:41]} 44. Kc2 {[%clk 0:16:38]} Nc5 {[%clk 0:16:02]} 45. f3
{[%clk 0:14:09]} a4 {[%clk 0:13:33]} 46. b4 {[%clk 0:12:55]} Nb3 {[%clk 0:13:20]}
47. fxg4+ {[%clk 0:12:26]} Kxg4 {[%clk 0:11:59]} 48. Be1 {[%clk 0:12:26]} Nd4+
{[%clk 0:10:44]} 49. Kd1 {[%clk 0:12:49]} Rf1 {[%clk 0:09:27]} 50. Rg3+
{[%clk 0:11:46]} Kf4 {[%clk 0:08:01]} 51. Rg7 {[%clk 0:11:56]} Ke3
{[%clk 0:07:12]} 52. Rg3+ {[%clk 0:12:09]} Ke4 {[%clk 0:06:30]} 53. Kd2
{[%clk 0:12:19]} Kf4 {[%clk 0:05:19]} 54. Rg7 {[%clk 0:12:23]} Rg1
{[%clk 0:04:02]} 55. Bf2 {[%clk 0:10:42]} Nf5 {[%clk 0:02:34]} 56. Rxc7
{[%clk 0:06:45]} Rxg2 {[%clk 0:02:53]} 57. Ke1 {[%clk 0:06:46]} e4
{[%clk 0:01:33]} 58. Bxb6 {[%clk 0:06:57]} e3 {[%clk 0:01:25]} 59. Rf7
{[%clk 0:07:03]} Rg1+ {[%clk 0:01:04]} 60. Ke2 {[%clk 0:07:21]} Rg2+
{[%clk 0:01:30]} 61. Kd3 {[%clk 0:05:00]} Rd2+ {[%clk 0:01:37]} 62. Kc3
{[%clk 0:05:25]} Ra2 {[%clk 0:01:54]} 63. Bxe3+ {[%clk 0:05:42]} Kxe3
{[%clk 0:01:44]} 64. Rxf5 {[%clk 0:06:08]} Rxa3+ {[%clk 0:02:08]} 65. Kc2
{[%clk 0:05:56]} Kd4 {[%clk 0:01:53]} 66. c5 {[%clk 0:03:52]} Rc3+
{[%clk 0:01:12]} 67. Kb2 {[%clk 0:03:44]} Rb3+ {[%clk 0:01:10]} 68. Ka2
{[%clk 0:03:49]} Rxb4 {[%clk 0:01:07]} 69. c6 {[%clk 0:03:58]} Rb8
{[%clk 0:01:09]} 70. Rxh5 {[%clk 0:03:53]} Kc3 {[%clk 0:00:35]} 71. Ka3
{[%clk 0:03:22]} Kc4 {[%clk 0:00:46]} 72. Rg5 {[%clk 0:03:42]} Rh8
{[%clk 0:00:39]} 73. h5 {[%clk 0:04:00]} Rh7 {[%clk 0:00:46]} 74. Rf5
{[%clk 0:02:48]} Rh8 {[%clk 0:00:51]} 75. Rg5 {[%clk 0:01:23]} Rh7
{[%clk 0:01:06]} 76. Ka2 {[%clk 0:00:52]} Rh8 {[%clk 0:01:22]} 77. Kb2
{[%clk 0:01:10]} Rb8+ {[%clk 0:01:01]} 78. Ka2 {[%clk 0:01:24]} Rh8
{[%clk 0:01:16]} 79. c7 {[%clk 0:01:02]} Rc8 {[%clk 0:00:44]} 80. Rg7
{[%clk 0:01:30]} Kxd5 {[%clk 0:01:00]} 81. h6 {[%clk 0:01:58]} Kc6
{[%clk 0:00:35]} 82. h7 {[%clk 0:02:23]} Rh8 {[%clk 0:01:00]} 83. Rg8
{[%clk 0:02:40]} 1-0

[Event "WCO2014"]
[Site "Tromso"]
[Date "2014.08.05"]
[Round "4.35"]
[WhiteID "11500255"]
[White "Tamra Attallah"]
[BlackID "8100144"]
[Black "Mansour Sameer"]
[Result "1-0"]
[LiveChessVersion "1.4.3"]
[BlackElo "2249"]
[WhiteElo "2081"]

1. Nf3 {[%clk 1:30:56]} c5 {[%clk 1:30:25]} 2. d4 {[%clk 1:29:05]} cxd4
{[%clk 1:28:27]} 3. Nxd4 {[%clk 1:28:40]} g6 {[%clk 1:28:31]} 4. g3
{[%clk 1:28:37]} Bg7 {[%clk 1:28:42]} 5. Bg2 {[%clk 1:29:00]} Nc6
{[%clk 1:28:39]} 6. Nxc6 {[%clk 1:26:40]} bxc6 {[%clk 1:28:48]} 7. O-O
{[%clk 1:27:04]} Nf6 {[%clk 1:27:10]} 8. c4 {[%clk 1:26:44]} O-O {[%clk 1:25:04]}
9. Nc3 {[%clk 1:26:16]} Qa5 {[%clk 1:21:43]} 10. Bd2 {[%clk 1:20:53]} Rb8
{[%clk 0:59:21]} 11. b3 {[%clk 1:12:42]} Qa6 {[%clk 0:55:40]} 12. Qc2
{[%clk 1:09:59]} d6 {[%clk 0:51:17]} 13. Rad1 {[%clk 1:08:53]} Be6
{[%clk 0:50:46]} 14. e4 {[%clk 1:04:46]} Rfc8 {[%clk 0:50:12]} 15. h3
{[%clk 1:01:39]} Nd7 {[%clk 0:48:23]} 16. Be3 {[%clk 1:00:34]} Qa5
{[%clk 0:46:30]} 17. Ne2 {[%clk 1:00:40]} c5 {[%clk 0:44:20]} 18. Nf4
{[%clk 0:59:20]} Ne5 {[%clk 0:44:22]} 19. Bd2 {[%clk 0:52:30]} Qd8
{[%clk 0:42:37]} 20. Bc3 {[%clk 0:52:49]} Bd7 {[%clk 0:42:40]} 21. Ne2
{[%clk 0:50:45]} Qc7 {[%clk 0:36:20]} 22. f4 {[%clk 0:46:01]} Nc6
{[%clk 0:36:48]} 23. Bxg7 {[%clk 0:46:03]} Kxg7 {[%clk 0:37:10]} 24. Rd2
{[%clk 0:41:44]} f6 {[%clk 0:33:13]} 25. Qc3 {[%clk 0:39:37]} e5 {[%clk 0:29:05]}
26. Qd3 {[%clk 0:36:20]} Nd4 {[%clk 0:29:23]} 27. Nc3 {[%clk 0:33:22]} Bc6
{[%clk 0:28:43]} 28. Rdf2 {[%clk 0:32:58]} Rf8 {[%clk 0:28:43]} 29. Qe3
{[%clk 0:30:55]} a5 {[%clk 0:26:49]} 30. h4 {[%clk 0:25:22]} Rbe8
{[%clk 0:20:02]} 31. g4 {[%clk 0:21:37]} Ne6 {[%clk 0:15:38]} 32. Ne2
{[%clk 0:18:07]} a4 {[%clk 0:15:17]} 33. f5 {[%clk 0:15:44]} gxf5
{[%clk 0:13:52]} 34. exf5 {[%clk 0:15:58]} Nd4 {[%clk 0:13:51]} 35. bxa4
{[%clk 0:10:31]} Nxe2+ {[%clk 0:11:29]} 36. Rxe2 {[%clk 0:10:23]} Ra8
{[%clk 0:10:40]} 37. g5 {[%clk 0:09:30]} Kh8 {[%clk 0:09:11]} 38. g6
{[%clk 0:08:19]} Kg7 {[%clk 0:04:55]} 39. h5 {[%clk 0:06:45]} hxg6
{[%clk 0:03:58]} 40. fxg6 {[%clk 0:03:42]} Rh8 {[%clk 0:03:15]} 41. Qf2
{[%clk 0:23:31]} Raf8 {[%clk 0:33:49]} 42. Bxc6 {[%clk 0:23:40]} Qxc6
{[%clk 0:34:17]} 43. Qf5 {[%clk 0:24:00]} Qb7 {[%clk 0:19:21]} 44. a5
{[%clk 0:21:15]} Qe7 {[%clk 0:19:27]} 45. Rb2 {[%clk 0:21:19]} Ra8
{[%clk 0:17:50]} 46. Rfb1 {[%clk 0:21:29]} Kh6 {[%clk 0:05:14]} 47. Rb7
{[%clk 0:21:37]} Qe8 {[%clk 0:05:29]} 48. g7 {[%clk 0:20:28]} Rg8
{[%clk 0:05:50]} 49. Qxf6+ {[%clk 0:20:25]} Kh7 {[%clk 0:05:17]} 50. Rf7
{[%clk 0:20:40]} Qxf7 {[%clk 0:05:15]} 51. Qxf7 {[%clk 0:21:01]} Rxg7+
{[%clk 0:05:31]} 52. Qxg7+ {[%clk 0:21:22]} Kxg7 {[%clk 0:06:00]} 53. Rb6
{[%clk 0:21:09]} Rxa5 {[%clk 0:05:42]} 54. Rxd6 {[%clk 0:21:36]} Rxa2
{[%clk 0:05:20]} 55. Rd5 {[%clk 0:21:54]} Kf6 {[%clk 0:05:34]} 56. Rxc5
{[%clk 0:22:11]} Kf5 {[%clk 0:05:33]} 57. h6 {[%clk 0:20:40]} Kf4
{[%clk 0:04:23]} 58. Rc7 {[%clk 0:18:13]} Ra1+ {[%clk 0:03:41]} 59. Kg2
{[%clk 0:18:26]} Ra2+ {[%clk 0:03:24]} 60. Kh3 {[%clk 0:17:00]} Ra6
{[%clk 0:02:50]} 61. h7 {[%clk 0:17:01]} Rh6+ {[%clk 0:03:17]} 62. Kg2
{[%clk 0:17:30]} e4 {[%clk 0:03:22]} 63. c5 {[%clk 0:16:03]} e3 {[%clk 0:03:52]}
64. c6 {[%clk 0:16:04]} e2 {[%clk 0:03:23]} 65. Rf7+ {[%clk 0:11:32]} Ke3
{[%clk 0:01:05]} 66. Re7+ {[%clk 0:11:39]} Kd3 {[%clk 0:01:01]} 67. c7
{[%clk 0:11:56]} 1-0

[Event "WCO2014"]
[Site "Tromso"]
[Date "2014.08.05"]
[Round "4.33"]
[WhiteID "3400085"]
[White "Michel Yunis Christian D."]
[BlackID "8100500"]
[Black "Khader Sami"]
[Result "1-0"]
[LiveChessVersion "1.4.3"]
[BlackElo "2352"]
[WhiteElo "2311"]

1. d4 {[%clk 1:30:52]} Nf6 {[%clk 1:30:55]} 2. Nf3 {[%clk 1:30:51]} c5
{[%clk 1:29:43]} 3. d5 {[%clk 1:30:11]} e6 {[%clk 1:30:09]} 4. Nc3
{[%clk 1:27:06]} exd5 {[%clk 1:30:33]} 5. Nxd5 {[%clk 1:27:20]} Nxd5
{[%clk 1:30:58]} 6. Qxd5 {[%clk 1:27:40]} Be7 {[%clk 1:31:04]} 7. e4
{[%clk 1:27:07]} Nc6 {[%clk 1:26:17]} 8. Bc4 {[%clk 1:23:30]} O-O
{[%clk 1:26:02]} 9. Qh5 {[%clk 1:17:53]} Nb4 {[%clk 1:15:12]} 10. O-O
{[%clk 1:10:28]} Nxc2 {[%clk 1:12:10]} 11. Ng5 {[%clk 1:10:35]} Bxg5
{[%clk 1:11:54]} 12. Bxg5 {[%clk 1:10:57]} Qe8 {[%clk 1:11:28]} 13. Rad1
{[%clk 1:06:48]} Nd4 {[%clk 0:55:22]} 14. Qh4 {[%clk 0:55:02]} Nc6
{[%clk 0:55:05]} 15. f4 {[%clk 0:50:48]} Kh8 {[%clk 0:47:33]} 16. Rf3
{[%clk 0:44:10]} d5 {[%clk 0:44:31]} 17. Bf6 {[%clk 0:25:04]} Rg8
{[%clk 0:37:35]} 18. exd5 {[%clk 0:24:17]} Nb4 {[%clk 0:33:14]} 19. Re1
{[%clk 0:21:11]} Qa4 {[%clk 0:28:06]} 20. Bxg7+ {[%clk 0:10:37]} Rxg7
{[%clk 0:26:44]} 21. Qd8+ {[%clk 0:10:59]} Rg8 {[%clk 0:27:11]} 22. Qf6+
{[%clk 0:11:21]} Rg7 {[%clk 0:27:32]} 23. Rg3 {[%clk 0:11:49]} Bg4
{[%clk 0:26:48]} 24. Rxg4 {[%clk 0:12:09]} Rag8 {[%clk 0:27:07]} 25. Rxg7
{[%clk 0:09:36]} Rxg7 {[%clk 0:27:26]} 26. b3 {[%clk 0:09:39]} Qd7
{[%clk 0:26:39]} 27. Re7 {[%clk 0:09:12]} Qd8 {[%clk 0:24:52]} 28. a3
{[%clk 0:05:56]} b5 {[%clk 0:22:34]} 29. axb4 {[%clk 0:03:55]} bxc4
{[%clk 0:22:56]} 30. d6 {[%clk 0:02:47]} h5 {[%clk 0:15:33]} 31. d7
{[%clk 0:03:08]} Kh7 {[%clk 0:15:26]} 32. Qf5+ {[%clk 0:03:31]} Kh6
{[%clk 0:15:48]} 33. Re8 {[%clk 0:03:38]} 1-0

[Event "WCO2014"]
[Site "Tromso"]
[Date "2014.08.05"]
[Round "4.9"]
[WhiteID "8800758"]
[White "Bacchas Clevert"]
[BlackID "6900224"]
[Black "De La Riva Aguado Oscar"]
[Result "0-1"]
[LiveChessVersion "1.4.3"]
[BlackElo "2523"]
[WhiteElo "1948"]

1. Nf3 {[%clk 1:30:51]} g6 {[%clk 1:30:01]} 2. d4 {[%clk 1:31:15]} Bg7
{[%clk 1:30:22]} 3. c4 {[%clk 1:31:39]} c5 {[%clk 1:29:05]} 4. Nc3
{[%clk 1:30:43]} cxd4 {[%clk 1:28:22]} 5. Nxd4 Nc6 {[%clk 1:28:47]} 6. e3
{[%clk 1:27:27]} Nf6 {[%clk 1:27:04]} 7. Be2 {[%clk 1:27:43]} O-O
{[%clk 1:25:50]} 8. O-O {[%clk 1:28:07]} d5 {[%clk 1:13:04]} 9. cxd5
{[%clk 1:22:48]} Nxd5 {[%clk 1:13:20]} 10. Qb3 {[%clk 1:16:59]} Nf4
{[%clk 1:01:27]} 11. Nxc6 {[%clk 1:13:16]} Nxe2+ {[%clk 1:00:42]} 12. Nxe2
{[%clk 1:13:40]} bxc6 {[%clk 1:01:06]} 13. Rd1 {[%clk 1:12:33]} Qc7
{[%clk 0:58:29]} 14. e4 {[%clk 1:11:09]} Rb8 {[%clk 0:52:51]} 15. Qc2
{[%clk 1:10:06]} Be5 {[%clk 0:51:55]} 16. Ng3 {[%clk 1:05:09]} Be6
{[%clk 0:51:21]} 17. Be3 {[%clk 0:51:57]} Rxb2 {[%clk 0:50:59]} 18. Qc5
{[%clk 0:51:56]} Rb5 {[%clk 0:50:20]} 19. Qxa7 {[%clk 0:51:57]} Qxa7
{[%clk 0:49:50]} 20. Bxa7 {[%clk 0:52:19]} Bxa1 {[%clk 0:50:01]} 21. Rxa1
{[%clk 0:52:42]} Ra8 {[%clk 0:49:49]} 22. Be3 {[%clk 0:51:31]} Bxa2
{[%clk 0:47:16]} 0-1

[Event "WCO2014"]
[Site "Tromso"]
[Date "2014.08.05"]
[Round "4.11"]
[WhiteID "8800022"]
[White "Cooper Gary"]
[BlackID "6900020"]
[Black "Garcia Paolicchi Raul"]
[Result "0-1"]
[LiveChessVersion "1.4.3"]
[BlackElo "2176"]
[WhiteElo "1844"]

1. e4 {[%clk 1:30:57]} c5 {[%clk 1:30:54]} 2. Nf3 {[%clk 1:31:15]} e6
{[%clk 1:31:19]} 3. d3 {[%clk 1:30:55]} Nc6 {[%clk 1:27:01]} 4. g3
{[%clk 1:30:48]} d5 {[%clk 1:26:33]} 5. Qe2 {[%clk 1:30:51]} Be7 {[%clk 1:24:41]}
6. Bg2 {[%clk 1:30:58]} Nf6 {[%clk 1:23:39]} 7. O-O {[%clk 1:31:04]} b6
{[%clk 1:21:29]} 8. Nc3 {[%clk 1:30:01]} d4 {[%clk 1:15:16]} 9. Nb1
{[%clk 1:29:21]} e5 {[%clk 1:13:32]} 10. h3 {[%clk 1:28:55]} Qc7 {[%clk 1:06:22]}
11. Nh4 {[%clk 1:25:22]} g6 {[%clk 1:03:25]} 12. f4 {[%clk 1:25:10]} Nh5
{[%clk 1:01:27]} 13. Qf2 {[%clk 1:22:11]} Bxh4 {[%clk 0:49:07]} 14. gxh4
{[%clk 1:22:21]} Nxf4 {[%clk 0:48:05]} 15. Bxf4 {[%clk 1:22:23]} exf4
{[%clk 0:48:29]} 16. e5 {[%clk 1:22:40]} O-O {[%clk 0:43:28]} 17. Qxf4
{[%clk 1:22:02]} Rb8 {[%clk 0:16:24]} 18. Nd2 {[%clk 1:21:19]} Nxe5
{[%clk 0:14:18]} 19. Ne4 {[%clk 1:21:23]} f5 {[%clk 0:12:17]} 20. Rae1
{[%clk 1:20:18]} Bb7 {[%clk 0:09:54]} 21. Nf6+ {[%clk 1:18:50]} Rxf6
{[%clk 0:08:34]} 22. Rxe5 {[%clk 1:18:57]} Rf7 {[%clk 0:06:52]} 23. Rfe1
{[%clk 1:18:44]} Bxg2 {[%clk 0:06:03]} 24. Re8+ {[%clk 1:18:19]} Rxe8
{[%clk 0:06:12]} 25. Rxe8+ {[%clk 1:18:36]} Kg7 {[%clk 0:06:37]} 26. Qxc7
{[%clk 1:18:32]} Rxc7 {[%clk 0:07:05]} 27. Kxg2 {[%clk 1:18:40]} Kf6
{[%clk 0:06:56]} 28. Kf3 {[%clk 1:18:43]} Re7 {[%clk 0:06:19]} 29. Rf8+
{[%clk 1:12:24]} Kg7 {[%clk 0:06:46]} 30. Ra8 {[%clk 1:12:34]} Kf6
{[%clk 0:06:46]} 31. Kf4 {[%clk 1:12:19]} h6 {[%clk 0:04:55]} 32. Rf8+
{[%clk 1:12:23]} Kg7 {[%clk 0:05:07]} 33. Ra8 {[%clk 1:12:44]} Kf7
{[%clk 0:02:59]} 34. Rh8 {[%clk 1:11:37]} Re2 {[%clk 0:03:00]} 35. Rh7+
{[%clk 1:10:30]} Kf6 {[%clk 0:03:07]} 36. Rxa7 {[%clk 1:09:24]} Re3
{[%clk 0:03:01]} 0-1

[Event "WCO2014"]
[Site "Tromso"]
[Date "2014.08.05"]
[Round "4.12"]
[WhiteID "6900305"]
[White "Ribera Bazan Jose"]
[BlackID "8800049"]
[Black "Dill James"]
[Result "1-0"]
[LiveChessVersion "1.4.3"]
[BlackElo "1899"]
[WhiteElo "2117"]

1. d4 {[%clk 1:30:48]} d5 {[%clk 1:30:26]} 2. c4 {[%clk 1:31:09]} c6
{[%clk 1:29:55]} 3. Nf3 {[%clk 1:31:30]} Nf6 {[%clk 1:28:58]} 4. Nc3
{[%clk 1:31:50]} e6 {[%clk 1:28:22]} 5. Bg5 {[%clk 1:29:27]} Be7 {[%clk 1:26:56]}
6. e3 {[%clk 1:29:27]} a6 {[%clk 1:26:39]} 7. Bd3 {[%clk 1:28:42]} h6
{[%clk 1:23:23]} 8. Bh4 {[%clk 1:27:27]} O-O {[%clk 1:19:11]} 9. O-O
{[%clk 1:27:38]} Nbd7 {[%clk 1:12:38]} 10. Rc1 {[%clk 1:26:56]} Ne8
{[%clk 1:08:29]} 11. Bxe7 {[%clk 1:25:26]} Qxe7 {[%clk 1:08:56]} 12. e4
{[%clk 1:25:02]} dxe4 {[%clk 1:05:35]} 13. Nxe4 {[%clk 1:24:46]} Nef6
{[%clk 1:05:11]} 14. Re1 {[%clk 1:20:39]} Nxe4 {[%clk 1:03:34]} 15. Bxe4
{[%clk 1:18:21]} Nf6 {[%clk 1:02:13]} 16. Bb1 {[%clk 1:18:17]} Qd6
{[%clk 1:01:29]} 17. c5 {[%clk 1:17:18]} Qd8 {[%clk 1:00:14]} 18. Qd3
{[%clk 1:16:45]} Ne8 19. Qh7# 1-0

[Event "WCO2014"]
[Site "Tromso"]
[Date "2014.08.05"]
[Round "4.32"]
[WhiteID "5500796"]
[White "Zaibi Amir"]
[BlackID "15900312"]
[Black "De Mey Juan Pablo"]
[Result "1-0"]
[LiveChessVersion "1.4.3"]
[BlackElo "1937"]
[WhiteElo "2297"]

1. e4 {[%clk 1:30:57]} c5 {[%clk 1:30:55]} 2. Nf3 {[%clk 1:31:20]} d6
{[%clk 1:31:19]} 3. d4 {[%clk 1:31:21]} cxd4 {[%clk 1:31:45]} 4. Nxd4
{[%clk 1:31:46]} Nf6 {[%clk 1:32:07]} 5. Nc3 {[%clk 1:32:11]} g6 {[%clk 1:32:31]}
6. f4 {[%clk 1:30:04]} Bg7 {[%clk 1:21:09]} 7. e5 {[%clk 1:29:49]} dxe5
{[%clk 1:15:42]} 8. fxe5 {[%clk 1:30:08]} Ng4 {[%clk 1:16:06]} 9. Bb5+
{[%clk 1:29:09]} Nc6 {[%clk 0:43:58]} 10. Nxc6 {[%clk 1:27:56]} Qxd1+
{[%clk 0:41:40]} 11. Nxd1 {[%clk 1:25:59]} a6 {[%clk 0:41:52]} 12. Ba4
{[%clk 1:15:31]} Bd7 {[%clk 0:41:51]} 13. h3 {[%clk 1:15:45]} Nh6
{[%clk 0:40:57]} 14. Nxe7 {[%clk 1:14:39]} Bxa4 {[%clk 0:34:24]} 15. Nd5
{[%clk 1:14:58]} O-O {[%clk 0:34:51]} 16. Nb6 {[%clk 1:03:30]} Bxc2
{[%clk 0:34:54]} 17. Nxa8 {[%clk 1:03:11]} Rxa8 {[%clk 0:35:19]} 18. O-O
{[%clk 1:02:46]} Nf5 {[%clk 0:26:24]} 19. Bf4 {[%clk 1:00:57]} Re8
{[%clk 0:23:09]} 20. Rf2 {[%clk 0:57:17]} Be4 {[%clk 0:23:07]} 21. Nc3
{[%clk 0:56:50]} Bc6 {[%clk 0:23:15]} 22. Re1 {[%clk 0:55:08]} Bf8
{[%clk 0:21:26]} 23. Rd2 {[%clk 0:54:17]} Bc5+ {[%clk 0:20:45]} 24. Kh1
{[%clk 0:53:49]} g5 {[%clk 0:18:34]} 25. Bh2 {[%clk 0:49:08]} Bb4
{[%clk 0:12:32]} 26. a3 {[%clk 0:47:14]} Bxc3 {[%clk 0:12:40]} 27. bxc3
{[%clk 0:47:38]} Nh4 {[%clk 0:06:40]} 28. Bg3 {[%clk 0:46:40]} Nf5
{[%clk 0:06:55]} 29. Bf2 {[%clk 0:46:40]} Re6 {[%clk 0:03:55]} 30. Kg1
{[%clk 0:46:28]} Bb5 {[%clk 0:03:04]} 31. g4 {[%clk 0:44:46]} Ng7
{[%clk 0:02:44]} 32. Rd8+ {[%clk 0:44:06]} Re8 {[%clk 0:01:03]} 33. Rxe8+
{[%clk 0:43:03]} Nxe8 {[%clk 0:01:31]} 34. e6 {[%clk 0:40:24]} fxe6
{[%clk 0:01:58]} 35. Rxe6 {[%clk 0:40:46]} Kf7 {[%clk 0:01:55]} 36. Re5
{[%clk 0:40:54]} h6 {[%clk 0:01:21]} 37. Bc5 {[%clk 0:40:57]} Kg6
{[%clk 0:00:39]} 38. Re7 {[%clk 0:41:01]} Bc6 {[%clk 0:00:57]} 39. Bd4
{[%clk 0:41:07]} h5 {[%clk 0:00:49]} 40. Kf2 {[%clk 0:40:37]} hxg4
{[%clk 0:01:05]} 41. hxg4 {[%clk 0:41:00]} a5 {[%clk 0:01:03]} 42. c4
{[%clk 0:40:57]} a4 {[%clk 0:00:45]} 43. Ke3 {[%clk 0:40:50]} Kh6
{[%clk 0:27:44]} 44. Be5 {[%clk 1:08:54]} 1-0

[Event "WCO2014"]
[Site "Tromso"]
[Date "2014.08.05"]
[Round "4.31"]
[WhiteID "15900371"]
[White "Bueno Mark"]
[BlackID "5500460"]
[Black "Boudriga Med Ali"]
[Result "0-1"]
[LiveChessVersion "1.4.3"]
[BlackElo "2282"]
[WhiteElo "1828"]

1. e4 {[%clk 1:30:54]} c5 {[%clk 1:30:58]} 2. Nf3 {[%clk 1:31:16]} d6
{[%clk 1:21:54]} 3. d4 {[%clk 1:31:44]} cxd4 {[%clk 1:22:09]} 4. Nxd4
{[%clk 1:32:11]} Nf6 {[%clk 1:22:29]} 5. Nc3 {[%clk 1:32:32]} a6 {[%clk 1:22:22]}
6. Be2 {[%clk 1:33:00]} e5 {[%clk 1:22:38]} 7. Nb3 {[%clk 1:33:28]} Be7
{[%clk 1:22:59]} 8. Be3 {[%clk 1:33:57]} Be6 {[%clk 1:20:26]} 9. O-O
{[%clk 1:34:17]} O-O {[%clk 1:20:42]} 10. Qd2 {[%clk 1:34:40]} Nbd7
{[%clk 1:19:26]} 11. a4 {[%clk 1:35:07]} Qc7 {[%clk 1:19:44]} 12. f3
{[%clk 1:17:44]} Rfd8 {[%clk 1:11:58]} 13. Rfd1 {[%clk 1:15:01]} Rac8
{[%clk 1:03:19]} 14. Rac1 {[%clk 1:09:31]} Nc5 {[%clk 1:00:51]} 15. Nd5
{[%clk 1:02:15]} Bxd5 {[%clk 1:00:03]} 16. exd5 {[%clk 1:01:55]} Nxa4
{[%clk 1:00:05]} 17. c4 {[%clk 0:57:30]} Nc5 {[%clk 0:54:06]} 18. Nxc5
{[%clk 0:57:41]} dxc5 {[%clk 0:54:33]} 19. Bd3 {[%clk 0:57:30]} Ne8
{[%clk 0:50:00]} 20. f4 {[%clk 0:51:13]} exf4 {[%clk 0:49:35]} 21. Bxf4
{[%clk 0:51:40]} Bd6 {[%clk 0:49:54]} 22. Rf1 {[%clk 0:51:06]} Bxf4
{[%clk 0:49:51]} 23. Rxf4 {[%clk 0:51:21]} Nd6 {[%clk 0:48:36]} 24. Rcf1
{[%clk 0:43:48]} Qe7 {[%clk 0:47:41]} 25. Re1 {[%clk 0:35:13]} Qg5
{[%clk 0:43:16]} 26. Qf2 {[%clk 0:30:12]} Re8 {[%clk 0:36:45]} 27. Rf1
{[%clk 0:30:29]} Qe7 {[%clk 0:36:19]} 28. Rf3 {[%clk 0:30:14]} g6
{[%clk 0:29:42]} 29. Rf6 {[%clk 0:23:16]} b6 {[%clk 0:29:32]} 30. Kh1
{[%clk 0:18:01]} Qe5 {[%clk 0:27:00]} 31. b3 {[%clk 0:15:01]} Re7
{[%clk 0:26:53]} 32. h3 {[%clk 0:10:33]} Rd8 {[%clk 0:26:48]} 33. Rf3
{[%clk 0:09:59]} Kg7 {[%clk 0:24:19]} 34. Qa2 {[%clk 0:08:59]} a5
{[%clk 0:23:40]} 35. Qf2 {[%clk 0:08:39]} h5 {[%clk 0:20:37]} 36. Qh4
{[%clk 0:06:40]} f5 {[%clk 0:20:08]} 37. R3f2 {[%clk 0:02:28]} Rde8
{[%clk 0:19:51]} 38. Qg5 {[%clk 0:01:23]} Qe3 {[%clk 0:19:33]} 39. Qxe3
{[%clk 0:01:21]} Rxe3 {[%clk 0:20:01]} 40. Rf3 {[%clk 0:01:49]} Rxf3
{[%clk 0:19:05]} 41. Rxf3 {[%clk 0:02:12]} Re1+ {[%clk 0:19:28]} 42. Kh2
{[%clk 0:02:16]} h4 {[%clk 0:18:35]} 43. g3 {[%clk 0:29:49]} hxg3+
{[%clk 0:49:24]} 44. Kxg3 {[%clk 0:30:17]} Kf6 {[%clk 0:49:42]} 45. Kf2
{[%clk 0:28:42]} Re8 {[%clk 0:49:38]} 46. h4 {[%clk 0:28:03]} Re7
{[%clk 0:49:08]} 47. Rh3 {[%clk 0:25:41]} Re8 {[%clk 0:44:55]} 48. Rf3
{[%clk 0:25:24]} Nf7 {[%clk 0:43:45]} 49. Rh3 {[%clk 0:22:08]} Ne5
{[%clk 0:42:05]} 50. Be2 {[%clk 0:22:36]} f4 {[%clk 0:40:41]} 51. Rh1
{[%clk 0:19:44]} Kf5 {[%clk 0:39:06]} 52. Rg1 {[%clk 0:15:54]} Rh8
{[%clk 0:39:16]} 53. h5 {[%clk 0:12:17]} gxh5 {[%clk 0:36:53]} 54. Rg7
{[%clk 0:11:35]} h4 {[%clk 0:37:02]} 55. Re7 {[%clk 0:09:50]} h3 {[%clk 0:37:03]}
56. Bf1 {[%clk 0:09:54]} h2 {[%clk 0:37:16]} 57. Bg2 {[%clk 0:10:15]} h1=Q
{[%clk 0:37:32]} 58. Bxh1 {[%clk 0:10:43]} Rxh1 {[%clk 0:37:43]} 59. Re6
{[%clk 0:10:51]} Rh6 {[%clk 0:37:04]} 60. Re8 {[%clk 0:10:50]} f3
{[%clk 0:36:50]} 0-1